01178cam a2200313 i 450000100090000000300050000900500170001400800410003101000170007203700640008904000290015304200100018205000300019208200160022210000290023824501380026726000320040530000200043744000190045750000200047650100080049650400410050453800340054560000480057965000620062770000450068973000450073485600850077918680189NUST20171121094325.0150630s2015 pk b 000 0 eng  a 2015326661 bLibrary of Congress -- Islamabad Overseas OfficecRs 695.00 aDLCbengcRCMSerdadDLC alcode00a891.439 MALbZ585855 2015 a891.439 MAL aDr. Nadeem Shafiq Malik.00aAllama Iqbal :bas reported in the Police Abstract of Intelligence, Punjab 1904-1935 /ccompiled & edited by Dr. Nadeem Shafiq Malik. aLahorebFiction Housec2015 a208 p ;c24 cm. aAllama Iqbal : aIncludes index. aH.B aIncludes bibliographical references. iShelf # 13, Row # 5, Fiction.10aIqbal, Muhammad,cSir,d1877-1938vSources. 0aPolicezPakistanzPunjabxHistoryy20th centuryvSources.1 aNadeem Shafiq Malik, ecompilereeditor.0 aPolice abstract of intelligence, Punjab.413Table of contents onlyuhttps://www.loc.gov/catdir/toc/fy16pdf03/2015326661.html